000
00254nam a2200097Ia 4500
001
688449
005
20250826161615.0
008
250824s9999 xx 000 0 und d
245
0
_a
BÜYÜK YAZARIN GİZLİ EVRENİ
_c
ARTHUR POWER
260
_b
TİMAŞ YAYINLARI
999
_c
688449
_d
688449